EFL League Two Playoff Finalists - Statistics

General Stats
  • This quiz has been taken 12 times
  • The average score is 46 of 66
Answer Stats
Hint Answer % Correct
2015/16 AFC Wimbledon
100%
2024/25 AFC Wimbledon
100%
2000/01 Blackpool
90%
2016/17 Blackpool
90%
2002/03 Bournemouth
90%
2016/17 Exeter City
90%
2017/18 Exeter City
90%
2019/20 Exeter City
90%
1996/97 Northampton Town
90%
2019/20 Northampton Town
90%
2012/13 Northampton Town
90%
2012/13 Bradford City
80%
2013/14 Burton Albion
80%
1994/95 Chesterfield
80%
2023/24 Crawley Town
80%
2011/12 Crewe Alexandra
80%
1992/93 Crewe Alexandra
80%
2023/24 Crewe Alexandra
80%
1998/99 Leyton Orient
80%
2000/01 Leyton Orient
80%
2002/03 Lincoln City
80%
2004/05 Lincoln City
80%
2003/04 Mansfield Town
80%
2021/22 Mansfield Town
80%
2018/19 Newport County
80%
2020/21 Newport County
80%
1995/96 Plymouth Argyle
80%
2015/16 Plymouth Argyle
80%
2021/22 Port Vale
80%
2009/10 Rotherham United
80%
2010/11 Stevenage
80%
2018/19 Tranmere Rovers
80%
2022/23 Carlisle United
70%
2001/02 Cheltenham Town
70%
2005/06 Cheltenham Town
70%
2011/12 Cheltenham Town
70%
2007/08 Rochdale
70%
2024/25 Walsall
70%
1993/94 Wycombe Wanderers
70%
2014/15 Wycombe Wanderers
70%
1997/98 Colchester United
60%
2017/18 Coventry City
60%
2013/14 Fleetwood Town
60%
2008/09 Gillingham
60%
2005/06 Grimsby Town
60%
1999/2000 Peterborough United
60%
1993/94 Preston North End
60%
1998/99 Scunthorpe United
60%
2004/05 Southend United
60%
2014/15 Southend United
60%
2007/08 Stockport County
60%
2022/23 Stockport County
60%
1996/97 Swansea City
60%
2006/07 Bristol Rovers
50%
1995/96 Darlington
50%
1999/2000 Darlington
50%
2020/21 Morecambe
50%
2006/07 Shrewsbury Town
50%
2008/09 Shrewsbury Town
50%
2003/04 Huddersfield Town
40%
1997/98 Torquay United
40%
2010/11 Torquay United
40%
1992/93 York City
40%
1994/95 Bury
30%
2009/10 Dagenham & Redbridge
30%
2001/02 Rushden & Diamonds
30%
No matching quizzes found
Score Distribution
Percent of People with Each Score
Percentile by Number Answered
Your Score History
You have not taken this quiz